| 000 | 00414nam a2200133 a 4500 | ||
|---|---|---|---|
| 001 | 000030767 | ||
| 005 | 20200930062510.0 | ||
| 008 | 110527s19uu dr ad 000 0 spa d | ||
| 040 |
_aDO-SdBNP _bspa _cBNPHU |
||
| 245 | 0 | 0 | _aDescripción y proyecciones. |
| 260 |
_aSanto Domingo : _bDistribuidora de sal en grano, _c[199?]. _fEditora Dominicana de Impresos |
||
| 300 |
_a13 p. : _bil., gráf. ; _c21 cm. |
||
| 049 | _aBNPD | ||
| 999 |
_c30259 _d30259 |
||